Mathematics, the science of patterns : the search for order in life, mind, and the universe /

Guardado en:
Autor Principal: Devlin, Keith J.
Formato: Libro
Idioma:English
Publicado: New York : Scientific American Library : distributed by W. H. Freeman, c1994.
Series:Scientific American Library series ; 52
Materias:
Acceso en línea:Reseña (Notices AMS)
Etiquetas: Agregar Etiqueta
Sin Etiquetas, Sea el primero en etiquetar este registro!
LEADER 00963cam a2200241 a 4500
001 MAT.inmabb003330
008 940407s1994####nyua#####b####001#0#eng##
005 20160621115006.0
245 1 0 |a Mathematics, the science of patterns :  |b the search for order in life, mind, and the universe /  |c Keith Devlin. 
260 |a New York :  |b Scientific American Library :  |b distributed by W. H. Freeman,  |c c1994. 
300 |a vii, 215 p. :  |b il. (algunas col.) ;  |c 25 cm. 
440 0 |a Scientific American Library series ;  |v 52 
504 |a Incluye referencias bibliográficas (p. 210-211) e índice. 
510 4 |a MR,  |c 95m:00003 
510 4 |a Notices AMS,  |c v. 43 no. 11, Nov. 1996. 
020 |a 0716750473 
100 1 |a Devlin, Keith J. 
650 0 |a Mathematics. 
084 |a 00A06 (01A05)  |2 MR 
010 |a  94011366  
040 |a DLC  |c DLC  |d DLC 
856 4 2 |u http://www.ams.org/notices/199611/comm-devlin.pdf  |y Reseña (Notices AMS) 
859 |h 00A06  |i D497  |p A-7364  |b BIB. MATEMATICA